|
|
|
|
| LEADER |
00000nam a2900000 4500 |
| 001 |
000033613 |
| 005 |
20061219222500.0 |
| 008 |
971303s1993 000 spa d |
| 020 |
|
|
|a 9684526954
|
| 050 |
|
4 |
|a AC75 S3
|b n.638
|
| 090 |
|
|
|a AC75 S3
|b n.638
|
| 100 |
1 |
|
|a Arrillaga Torréns, Rafael,
|d 1913-
|
| 245 |
1 |
|
|a Grandeza y decadencia de España en el siglo XVI
|
| 260 |
|
|
|a México :
|b Porrúa,
|c 1993
|
| 300 |
|
|
|a 167 p.
|
| 440 |
|
0 |
|a "Sepan Cuantos ..." ;
|v 638
|
| 650 |
|
4 |
|a España
|x Historia
|x Siglo XVI
|
| 905 |
|
|
|a LIBROS
|
| 902 |
|
|
|a Laura M. Hermenegildo C.
|
| 949 |
|
|
|a Biblioteca UAM Iztapalapa
|b Colección General
|c AC75 S3 n.638
|